1531 1030 1837 1341 1676 1811 1182 1993 1817 1328 1884 1663 1283 1818 1569 1949 1243 1110 1024 1859 1078 1588 1332 1563 1579 1290 1134 1648 1958 1082 1641 1628 1009 1964 1190 1734 1491 1530 1901 1971 1985 1941 1213 1537 1054 1698 1650 1579 1064 1693 1364 1524 1747 1678 1147 1126 1910 1250 1657 1294 1406 1405 1318 1716 1527 1636 1836 1747 1213 1230 1072 1493 1424 1104 1531 1792 1390 1994 1181 1090 1118 1600 1886 1537 1770 1461 1123 1825 1697 1629 1327 1164 1617 1426 1868 1507 1242 1941 1452 BCNSPRNW ULIB Ver.6.0+V

เปลี่ยนเป็นภาษาไทย

Change to English
 แสดงรายละเอียดบรรณานุกรม
  กลับหน้าหลัก

Brief Record : Get Marc (ISO 2709) : E-mail record : QR code < ปิดหน้าต่าง
LEADER : 00000nam 2200000uu 4500
001    13399121814
003     ULIB
008    121207s||||||||th 000 0 tha d
020    ^a9789747622744
060 04 ^aWX218^bC934
245 00 ^aCritical care medicine :^bmake it easy /^cบรรณาธิการ, ดุสิต สถาวร, อนันต์ วัฒนธรรม, เอกรินทร์ ภูมิพิเชฐ
250    ^aพิมพ์ครั้งที่ 1
260    ^aกรุงเทพฯ :^bสมาคมเวชบำบัดวิกฤตแห่งประเทศไทย,^c2554
300    ^axiv, 546 หน้า :^bภาพประกอบ ;^c27 ซม.
650  4 ^aผู้ป่วยหนัก, การดูแล
650  4 ^aหน่วยรักษาพยาบาลผู้ป่วยหนัก
653    ^aผลงานอาจารย์คณะแพทยศาสตร์ศิริราชพยาบาล
700 0  ^aดุสิต สถาวร,^eบรรณาธิการ
700 0  ^aอนันต์ วัฒนธรรม,^eบรรณาธิการ
700 0  ^aเอกรินทร์ ภูมิพิเชฐ,^eบรรณาธิการ
710 2  ^aสมาคมเวชบำบัดวิกฤตแห่งประเทศไทย
945    ^p540^l0^i033180
995    ^a เกษร
999    ^aใช้งานได้ทุกระบบ
รายการนี้ยังไม่มีแท็ก
คุณยังไม่ได้ล็อกอิน คุณสามารถมีกิจกรรมร่วมกับเว็บไซต์ได้ แต่ต้องล็อกอินก่อน ::
  ล็อกอิน

รายการสื่อสารสนเทศ

ลำดับที่ ประเภท เลขเรียก/บาร์โค้ด สถานที่ สถานะ
1. วิทยาศาสตร์การแพทย์ และสุขภาพ
หนังสือสำรอง
สถานะ=หนังสือสำรอง
WX218 C934 ฉ.1 
  Barcode: 033180
ห้องสมุดวิทยาเขตสวรรค์ประชารักษ์
►ส่วนจัดเก็บหนังสือเก่า สปร
บนชั้น
  ขอยืม

รายการใกล้เคียง
    หัวเรื่อง [ผู้ป่วยหนัก, การดูแล]
    หัวเรื่อง [หน่วยรักษาพยาบาลผู้ป่วยหนัก]

BibComment


ยังไม่เคยถูกคอมเมนท์

คอมเมนท์ทรัพยากรรายการนี้
  คอมเมนท์: Critical care me..


 Copyright 2026. Bcnsprnw @Library